000 01532nam a2200241Ia 4500
003 OSt
005 20210511110851.0
008 210310s1958 spaad gr 001 0 spa d
040 _aCO-JMCR
_cCO-JMCR
041 1 _aspa
_heng
082 _a336.01 /
_bR755t
_223
100 1 _aRolph, Earl Robert,
_915202
_eautor
245 1 0 _aTeoría de la economía fiscal /
_cEarl R. Rolph ; traducción del inglés por Eda María Bernácer
260 _aMadrid :
_bAguilar,
_c1958
300 _axx, 449 páginas :
_bilustraciones y gráficas a blanco y negro ;
_c21 cm.
490 0 _aBiblioteca de Ciencias Sociales. Sección primera: Economía
500 _aIncluye notas a pie de página e índices alfabético de autores y materias. Título original: The theory of fiscal economics
505 0 _aLos fines públicos frente a los privados -- Los costes sociales del Estado -- El Estado y la contabilidad social -- Bases monetarias de la teoría fiscal -- Los impuestos de uso y consumo y los subsidios, en régimen de precios de competencia -- Impuestos y subsidios de uso y consumo con precios no de competencia -- Derechos de importación con cambios variables -- Derechos de importación con cambios fijos -- Los impuestos y el estímulo al trabajo -- Efectos de los impuestos sobre la capitalización y sobre los capitales -- Incertidumbre, impuestos y capitalización
546 _aTraducido del inglés.
650 1 4 _aEconomía fiscal
_915204
_xTeorías
700 1 _aBernácer, Eda María,
_etraductora
_937539
942 _2ddc
_cBK
999 _c7702
_d7702